01752cmm a22003493a 45000010009000000050017000090070003000260080041000290100017000700170039000870200015001260400019001410500022001600820028001822450106002102460069003162600098003852700081004833000055005645000084006195200212007036000029009156100041009446500066009856550037010517100028010887100032011167100042011489420013011909990017012039520182012201307584820170925141939.0tz030131s1998 nyu--- |s 000 0beng  a 2003632399 aPA1-021-675bU.S. Copyright Office a076705251X aDLCcDLCeamim00aVXB 8345 (master) a338.7610053092bBIL22200aBill Gates :bSultan of Software /cproduced by ABC News Productions for Arts& Entertainment Network.30aBill Gates :, Sultan of software, Biography (Television program) a [New York] : bA & E Televisions Networks : Distributed in the U.S. by New Video, 2008c2008 b[New York] : aA & E Home Video : Distributed in the U.S. by New Video, 1998 a1 videodisc(ca. 50 min.) :bsd., col. ;c4 3/4 in. aOriginally broadcast in 1998 as a segment of the television series "Biography." a From his privileged childhood to his recent battles with the Justice Department, Biography profiles the "sultan of software" through interviews with those who know him best, including his mother and father. 94653aGates, Billd1955- 94654aMicrosoft corporationxHistory 94655aComputer software industryx-- Historyz--United States 7aBiographical television programs aNew Video Group.914061 aABC News Productions914127 aArts and Entertainment Network914057 2ddccDVD c11515d11515 00102ddc3Lost In Inventory_2015-8-234070aMAINbMAINc1STd2009-05-10epurchasel4o338.7610053092 BILp000016307r2022-08-24 00:00:00s2014-10-21v260.00w2009-05-10yCDVDN